Normal view MARC view
  • MODOTTI, TINA,

Entry Nombre Personal

Number of records used in: 3

001 - NUMERO DE CONTROL

  • campo de control: 15752

003 - IDENTIFICADOR DE NUMERO DE CONTROL

  • campo de control: UPN

005 - FECHA Y HORA DE LA ÜLTIMA TRANSACCIÓN

  • campo de control: 20210219193839.0

008 - DATOS DE LONGITUD FIJA

  • campo de control de longitud fija: nabaccnnaabn|||||||||| b |nc|||||d

035 ## - NUMERO DE CONTROL

  • Número de control: UPN10000015760

040 ## - FUENTE DE CATALOGACIÓN

  • Lenguaje de catalogación: SPA
  • Agencia de transcripción: UPN

100 1# - ENCABEZAMIENTO - NOMBRE PERSONAL

  • Nombre personal: MODOTTI, TINA,
  • Fechas asociadas con el nombre: 1896-1942

400 1# - VEÁSE - NOMBRE DE PERSONA

  • Personal name: Modotti, Asunta Adelaide Luigia,
  • Dates associated with a name: 1896-1942

670 ## - FUENTE EN LA QUE SE LOCALIZARON DATOS

  • Cita de la fuente: T/P
  • Información localizada: Wikipedia

902 ## - CATALOGADOR

  • Catalogador: MCM/230610